Top Rice-Producing Countries - Statistics

General Stats
  • This quiz has been taken 98,562 times
    85,648 since last reset
  • The average score is 11 of 14
Answer Stats
Metric tons Country % Correct
208 m China
100%
207 m India
96%
10.1 m Japan
92%
43.5 m Vietnam
92%
54.0 m Indonesia
90%
33.1 m Thailand
89%
9.90 m United States
82%
14.8 m Pakistan
80%
12.9 m Cambodia
79%
58.6 m Bangladesh
76%
25.7 m Myanmar
74%
10.3 m Brazil
73%
20.1 m Philippines
71%
8.90 m Nigeria
28%
No matching quizzes found
Score Distribution
Percent of People with Each Score
Percentile by Number Answered
Your Score History
You have not taken this quiz since the last reset